'Fate/Stay Night' - character quiz - Statistics

General Stats
  • This quiz has been taken 519 times
  • The average score is 13 of 17
Answer Stats
Description Character % Correct
Main protagonist's servent (Arturia Pendragon) Saber
98%
Female magi who uses gems in the use of her sourcery Rin Tōsaka
96%
The main protagonist who claims he will end the Holy Grail Wars Shirō Emiya
96%
Powerful servent who used projection to create strong and durable weapons Archer
95%
Survivor of the last Grail War, The King of Kings Gilgamesh
90%
Servent to the previous answer who is not very powerful due to her weak master Rider
88%
Seperated from her family when at a young age Sakura Matō
88%
Servent to the previous answer who has glowing red eyes, based on Hercules Berserker
84%
Has no magus abilities and yet is still a master Shinji Matō
81%
Previous answers powerful wizard partner and servent Caster
80%
Servent to a servent at the Ryuudou Temple True Assassin
77%
Battles with Answer No.4 and No.2 early on with a special weapon Lancer
76%
Preist and officiator of the Holy Grail Wars who is power hungry Kirei Kotomine
74%
School teacher and questions the protagonists female friends Taiga Fujimura
60%
A young Teutonic aristocrat who travels to Japan to fight in the fifth Holy Grail War Illyasviel von Einzbern
46%
Acting as medea's master in the Grail Wars Souichirou Kuzuki
20%
The 'Student Body President' who is close friends with the protagonist Issei Ryudou
5%
No matching quizzes found
Score Distribution
Percent of People with Each Score
Percentile by Number Answered
Your Score History
You have not taken this quiz